تحميل...
In Gandhiji`s mirror
| المؤلفون الرئيسيون: | , |
|---|---|
| التنسيق: | Printed Book |
| منشور في: |
New Delhi, OUP
1991
|
| الموضوعات: |
| LEADER | 005140000a22001810004500 | ||
|---|---|---|---|
| 020 | |a 0-19-562638-9 | ||
| 082 | |a 920 GAN N11 | ||
| 100 | |a Pyarelal | ||
| 100 | |a Sushila Nayar | ||
| 245 | |a In Gandhiji`s mirror | ||
| 260 | |a New Delhi, OUP | ||
| 260 | |c 1991 | ||
| 465 | |a R 295 | ||
| 650 | |a Gandhi, Mahatma-Biography | ||
| 650 | |a Philosophy | ||
| 942 | |c BK | ||
| 999 | |c 8057 |d 8057 | ||
| 952 | |0 0 |1 0 |4 0 |6 920_000000000000000_GAN_N11 |7 0 |8 ENG |9 7851 |a MGUL |b MGUL |d 2013-07-16 |e R 295 |l 0 |o 920 GAN N11 |p 12873 |r 2019-03-26 |w 2013-07-16 |y BK | ||